Cryptography and network security (Record no. 157308)

MARC details
000 -LEADER
fixed length control field 00393nam a2200157Ia 4500
008 - FIXED-LENGTH DATA ELEMENTS--GENERAL INFORMATION
fixed length control field 230917s9999||||xx |||||||||||||| ||und||
040 ## - CATALOGING SOURCE
-- 181592
Original cataloging agency VIVEKANANDA LIBRARY
041 ## - Language
-- English
082 ## - DDC NUMBER
Classification number 005.8 K12C(3)
100 ## - MAIN ENTRY--PERSONAL NAME
Personal name Kahate, Atul
245 #0 - TITLE STATEMENT
Title Cryptography and network security
250 ## - EDITION STATEMENT
Edition statement 3rd ed.
260 ## - PUBLICATION, DISTRIBUTION, ETC. (IMPRINT)
Place of publication, distribution, etc New Delhi
Name of publisher, distributor, etc Tata McGraw-Hill
Date of publication, distribution, etc 2010
300 ## - PHYSICAL DESCRIPTION
Pages xxi, 541 p.
942 ## - ADDED ENTRY ELEMENTS (KOHA)
Koha item type Books
Holdings
Withdrawn status Lost status Damaged status Not for loan Location (home branch) Sublocation or collection (holding branch) Shelving location Date acquired Koha issues (times borrowed) Koha full call number Accession No. Koha date last seen Koha item type
        VIVEKANANDA LIBRARY VIVEKANANDA LIBRARY UIET Library 05/04/2011 1 005.8 K12C(3) 286252 24/12/2024 Books
        VIVEKANANDA LIBRARY VIVEKANANDA LIBRARY UIET Library 05/04/2011 2 005.8 K12C(3) 286253 09/01/2025 Books
        VIVEKANANDA LIBRARY VIVEKANANDA LIBRARY UIET Library 05/04/2011 1 005.8 K12C(3) 286254 06/12/2023 Books
        VIVEKANANDA LIBRARY VIVEKANANDA LIBRARY UIET Library 05/04/2011 1 005.8 K12C(3) 299904 06/12/2023 Books
        VIVEKANANDA LIBRARY VIVEKANANDA LIBRARY UIET Library 05/04/2011 1 005.8 K12C(3) 299905 08/12/2023 Books
        VIVEKANANDA LIBRARY VIVEKANANDA LIBRARY UIET Library 05/04/2011 2 005.8 K12C(3) 299906 11/11/2024 Books
        VIVEKANANDA LIBRARY VIVEKANANDA LIBRARY UIET Library 05/04/2011 2 005.8 K12C(3) 299907 07/04/2025 Books
© Designed and Maintained by Vivekananda Library, MDU Rohtak